Flags with Diagonal Stripes - Statistics

General Stats
  • This quiz has been taken 20 times
  • The average score is 11 of 14
Answer Stats
Picture Answer % Correct
Macedonia
93%
Papua New Guinea
93%
Seychelles
93%
Jamaica
86%
Marshall Islands
86%
Tanzania
86%
Trinidad and Tobago
86%
Burundi
79%
Democratic Republic of the Congo
79%
Brunei
71%
Namibia
71%
Solomon Islands
71%
St Kitts & Nevis
71%
Republic of the Congo
50%
No matching quizzes found
Score Distribution
Percent of People with Each Score
Percentile by Number Answered
Your Score History
You have not taken this quiz